000 00405nam a2200157Ia 4500
008 210210b1995 xxu||||| |||| 00| 0 eng d
020 _a0706993489
082 _a591.02 NIGN
100 _aNIGAM (H C).
245 _aNigam's zoology question bank
260 _aDelhi
_bVikas publishing house
_c1995
300 _aviii,299
650 _aQuestions Bank, Zoology
690 _aZoology
906 _a052244
999 _c100710
_d100710